Natural communities. (Record no. 17208)

000 -LEADER
fixed length control field 00355cam a22001331 4500
040 ## - CATALOGING SOURCE
Transcribing agency DLC
082 00 - DEWEY DECIMAL CLASSIFICATION NUMBER
Classification number 575.3
-- 574 UNI 1952 A060 Or.
100 1# - MAIN ENTRY--AUTHOR NAME
Personal name Dice, Lee R.
245 10 - TITLE STATEMENT
Title Natural communities.
260 ## - PUBLICATION, DISTRIBUTION, ETC. (IMPRINT)
Place of publication Ann Arbor,
Name of publisher University of Michigan Press,
Year of publication 1952.
300 ## - PHYSICAL DESCRIPTION
Number of Pages x, 547 p.
Other physical details illus., maps.
Dimensions 26 cm.
650 #0 - SUBJECT ADDED ENTRY--TOPICAL TERM
Topical Term Biotic communities.
942 ## - ADDED ENTRY ELEMENTS (KOHA)
Koha item type សៀវភៅភាសាអង់គ្លេស

No items available.

មជ្ឈមណ្ឌលឯការនៃសាកលវិទ្យាល័យភូមិន្ទកសិកម្មចំការដូង

Powered by Koha